[Event "OCF Winter NAO FIDE Op"]
[Site "Stillwater USA"]
[Date "2007.02.19"]
[Round "6"]
[White "Baginskaite,C"]
[Black "Krush,I"]
[Result "0-1"]
[WhiteElo "2317"]
[BlackElo "2449"]

1.d4 d5 2.c4 e6 3.Nc3 Be7 4.cxd5 exd5 5.Bf4 Nf6 6.e3 Bf5 7.Nge2 O-O 8.Ng3 Be6
9.Bd3 c5 10.dxc5 Bxc5 11.O-O Nc6 12.Rc1 d4 13.Nce4 Be7 14.Nxf6+ Bxf6 15.b3 dxe3
16.Bxe3 Nb4 17.Bb1 Qxd1 18.Rfxd1 Nd5 19.Bd4 Bxd4 20.Rxd4 Rac8 21.Rdc4 Rxc4
22.Rxc4 Rd8 23.Rc1 Nc3 24.Rxc3 Rd1+ 25.Nf1 Rxb1 26.Rc2 Kf8 27.f3 Ke7 28.Rc7+ Kd6
29.Rxb7 Bc4 30.Kf2 Rxf1+ 31.Ke3 Be6 32.Rxa7 Kc5 33.Kf4 Rf2 34.Kg3 Rd2 35.h4 Kb4
36.h5 Rd5 37.Kh4 h6 38.Ra8 Rg5 39.g4 Kc3 40.Rd8 Kb2 41.Ra8 Kc2 42.Rd8 Kc3
43.Kg3 f5 44.Rd6 Bd5 45.Kf4 fxg4 46.fxg4 Kb2 47.Ra6 Bb7 48.Ra4 Bc8 49.Kg3 Bd7
50.Rd4 Be8 51.Rd8 Bxh5 52.Rd4 Kxa2 53.b4 Be8  0-1

[Event "2nd Trophee Universitaire"]
[Site "La Roche sur Yon FRA"]
[Date "2007.02.27"]
[Round "2"]
[White "Krush,I"]
[Black "Cornette,M"]
[Result "1/2-1/2"]
[WhiteElo "2449"]
[BlackElo "2482"]

1.d4 Nf6 2.c4 e6 3.Nc3 Bb4 4.e3 b6 5.Ne2 Ba6 6.a3 Be7 7.Nf4 d5 8.b3 O-O 9.Bb2 c6
10.Bd3 Re8 11.O-O Nbd7 12.Nfe2 Bf8 13.h3 Rc8 14.Rc1 Bd6 15.Qd2 Bb7 16.Rfd1 Qe7
17.b4 c5 18.bxc5 bxc5 19.cxd5 cxd4 20.Nxd4 Nxd5 21.Nxd5 Bxd5 22.Nb5 Bb8 23.Rxc8 Rxc8
24.Rc1 Rd8 25.Qc2 Qg5 26.f4 Qg3 27.Qf2 Bxf4 28.Bxh7+ Kxh7 29.exf4 Qxf2+ 30.Kxf2 Rb8
31.a4 a6 32.Rc7 axb5 33.Rxd7 bxa4 34.Be5 Rc8 35.Rxf7 Rc2+ 36.Ke3 Rxg2 37.Ra7 Bb3
38.Kf3 Rg6 39.Kf2 Bc2 40.Bd4 Kh6 41.Be5 Bb3  1/2-1/2

[Event "2nd Trophee Universitaire"]
[Site "La Roche sur Yon FRA"]
[Date "2007.02.28"]
[Round "3"]
[White "Hamdouchi,H"]
[Black "Krush,I"]
[Result "1/2-1/2"]
[WhiteElo "2602"]
[BlackElo "2449"]

1.e4 c5 2.Nf3 d6 3.c3 Nf6 4.h3 Bd7 5.Bd3 Bc6 6.Qe2 Nbd7 7.Bc2 Ne5 8.d4 Nxf3+
9.Qxf3 cxd4 10.cxd4 e5 11.d5 Bd7 12.a4 Be7 13.O-O O-O 14.Nc3 Ne8 15.a5 g6
16.Ba4 f5 17.a6 fxe4 18.Qd1 bxa6 19.Bc6 Bxc6 20.dxc6 Qc8 21.Qd5+ Kg7 22.Nxe4 Nc7
23.Qa2 d5 24.Bg5 Bb4 25.Bd2 Bxd2 26.Nxd2 Qe6 27.Qa5 Rf7 28.Nf3 Qf6 29.Qc5 Rb8
30.Qxa7 Rxb2 31.Qe3 Re7 32.Rfe1 e4 33.Nd4 Rf7 34.Rf1 Rb4 35.Rfd1 Rb2 36.Rf1 Rb4
37.Rfd1 Rb2  1/2-1/2

[Event "2nd Trophee Universitaire"]
[Site "La Roche sur Yon FRA"]
[Date "2007.03.01"]
[Round "4"]
[White "Krush,I"]
[Black "David,Alb"]
[Result "1/2-1/2"]
[WhiteElo "2449"]
[BlackElo "2528"]

1.d4 Nf6 2.c4 g6 3.Nc3 Bg7 4.e4 d6 5.Be2 O-O 6.Nf3 e5 7.O-O Nc6 8.d5 Ne7
9.Ne1 Nd7 10.Nd3 f5 11.Bd2 fxe4 12.Nxe4 Nf5 13.Re1 Nf6 14.Bf3 Nd4 15.Nxf6+ Qxf6
16.Be4 Bd7 17.Qc1 c5 18.f3 b5 19.cxb5 Bxb5 20.Bg5 Qf7 21.Qd2 a5 22.Rac1 Ba6
23.b3 Bb7 24.Nb2 Bxd5 25.Nc4 Ra6 26.Be7 Qxe7 27.Bxd5+ Kh8 28.Kh1 Qd8 29.Qd3 Ra7
30.Rb1 Qd7 31.Qd2 Qd8 32.Qd3 Qd7 33.Qd2 Qd8 34.Qd3  1/2-1/2

[Event "2nd Trophee Universitaire"]
[Site "La Roche sur Yon FRA"]
[Date "2007.03.03"]
[Round "6"]
[White "Krush,I"]
[Black "Stefanova,A"]
[Result "1/2-1/2"]
[WhiteElo "2449"]
[BlackElo "2483"]

1.d4 d5 2.c4 c6 3.Nf3 Nf6 4.Nc3 e6 5.Bg5 h6 6.Bh4 dxc4 7.e4 g5 8.Bg3 b5 9.Be2 Bb7
10.h4 g4 11.Ne5 Nbd7 12.Nxd7 Qxd7 13.Be5 Qe7 14.b3 Rg8 15.bxc4 b4 16.Na4 Nxe4
17.Bxg4 c5 18.Bf3 O-O-O 19.Qe2 f5 20.Bxe4 Bxe4 21.f3 Qd7 22.fxe4 Qxa4 23.O-O cxd4
24.exf5 Qc6 25.fxe6 d3 26.Qf3 Qc5+ 27.Kh1 Qxe5 28.Qa8+ Qb8 29.Qc6+ Qc7 30.Qa8+  1/2-1/2

[Event "2nd Trophee Universitaire"]
[Site "La Roche sur Yon FRA"]
[Date "2007.03.04"]
[Round "7"]
[White "Istratescu,A"]
[Black "Krush,I"]
[Result "1-0"]
[WhiteElo "2619"]
[BlackElo "2449"]

1.e4 c5 2.Nf3 d6 3.d4 cxd4 4.Nxd4 Nf6 5.Nc3 Nc6 6.Bg5 e6 7.Qd2 Qb6 8.Nb3 Be7
9.O-O-O O-O 10.f3 a6 11.Kb1 Rd8 12.h4 d5 13.exd5 Nxd5 14.Nxd5 Rxd5 15.Bd3 Qc7
16.Qe2 b5 17.Bxe7 Nxe7 18.Qe4 f5 19.Qe3 e5 20.g4 Be6 21.h5 a5 22.Nc1 a4 23.h6 g6
24.Qg5 Kf7 25.gxf5 Nxf5 26.Be4 Rxd1 27.Rxd1 Rc8 28.Qd2 Kf6 29.a3 Qc4 30.Re1 Kf7
31.Bd3 Qd5 32.f4 exf4 33.Qxf4 Kf6 34.Be4 Qc4 35.Qh2 Rc5 36.Nd3 b4 37.Nxc5 Qa2+
38.Kc1 bxa3 39.c3 Qa1+ 40.Bb1 Ba2 41.Qe5+  1-0

[Event "9th Open"]
[Site "Foxwoods USA"]
[Date "2007.04.05"]
[Round "3"]
[White "Krush,I"]
[Black "Izoria,Z"]
[Result "0-1"]
[WhiteElo "2464"]
[BlackElo "2641"]

1.d4 e6 2.c4 d5 3.Nc3 c6 4.e4 Bb4 5.cxd5 exd5 6.e5 c5 7.a3 Bxc3+ 8.bxc3 Nc6
9.Nf3 Nge7 10.Be2 O-O 11.O-O Bg4 12.Rb1 b6 13.dxc5 bxc5 14.Rb5 c4 15.Bg5 Qc7
16.Bxe7 Nxe7 17.Nd4 Bd7 18.Rb1 Qxe5 19.Bg4 Bxg4 20.Qxg4 Qd6 21.Rb7 Qxa3 22.h4 Rab8
23.Rc7 Rbc8 24.Rb7 Rce8 25.h5 Qa6 26.Rd7 Qf6 27.Rxa7 Nc6 28.Ra6 Ne5 29.Rxf6 Nxg4
30.Rd6 Rd8 31.Rxd8 Rxd8 32.Re1 Kf8 33.f3 Nf6 34.g4 Nd7 35.Ra1 Nc5 36.Ra5 Ne6
37.Nc6 Rc8 38.Ne5 d4 39.cxd4 c3 40.Nd3 Nxd4 41.Kf2 c2 42.Nc1 Rc3  0-1

[Event "9th Open"]
[Site "Foxwoods USA"]
[Date "2007.04.06"]
[Round "4"]
[White "Riordan,C"]
[Black "Krush,I"]
[Result "1/2-1/2"]
[WhiteElo "2270"]
[BlackElo "2464"]

1.d4 d5 2.c4 e6 3.Nf3 Nf6 4.Nc3 Be7 5.Bg5 O-O 6.e3 h6 7.Bh4 b6 8.Bd3 Bb7
9.O-O c5 10.Bg3 Nbd7 11.Qe2 Ne4 12.cxd5 exd5 13.dxc5 Nxg3 14.hxg3 bxc5 15.Ba6 Qb6
16.Bxb7 Qxb7 17.Rfd1 Nf6 18.b3 Rac8 19.Rab1 Rfd8 20.Qb2 Qc6 21.Rbc1 Qe6 22.Ne2 g5
23.Qe5 Ne4 24.Nc3 Nf6 25.Ne2 Bd6 26.Qb2 a5 27.Qa3 Ra8 28.Qa4 Bf8 29.Qb5 a4
30.Qd3 axb3 31.axb3 Ra3 32.Qc2 Rb8 33.Nd2 Ra7 34.Re1 Rab7 35.Nc3 Rc8 36.Na4 Ne4
37.Nxe4 Qxe4 38.Qxe4 dxe4 39.Rc3 Rb5 40.Rec1 f5 41.Rc4 Rxb3 42.Nxc5 Bxc5
43.Rxc5 Rf8  1/2-1/2

[Event "ch-USA"]
[Site "Stillwater USA"]
[Date "2007.05.21"]
[Round "7"]
[White "Krush,I"]
[Black "Gulko,B"]
[Result "0-1"]
[WhiteElo "2464"]
[BlackElo "2576"]

1.d4 Nf6 2.c4 e6 3.Nc3 Bb4 4.Qc2 c5 5.dxc5 O-O 6.a3 Bxc5 7.Nf3 b6 8.Bf4 Nh5
9.Bg5 Be7 10.Bxe7 Qxe7 11.g4 Nf6 12.g5 Ne8 13.O-O-O Bb7 14.Rg1 Na6 15.Bg2 Rc8
16.Nd2 Bxg2 17.Rxg2 Nac7 18.Kb1 b5 19.cxb5 Nxb5 20.Nd5 Nxa3+ 21.Ka2 exd5
22.Qxc8 Nb5 23.Qc2 Qxe2 24.Rc1 Ned6 25.Nb3 Qe5 26.Rg4 g6 27.Na5 d4 28.Nb3 Rb8
29.Rg3 Qe6 30.Ka1 Ne4 31.Nc5 Nxc5 32.Qxc5 Qa6+ 33.Kb1 Nc3+ 34.Rgxc3 dxc3
35.Rxc3 Qb7 36.Rc2 Qh1+ 37.Ka2 Qxh2 38.Qxa7 Qe5 39.Qxd7 Ra8+ 40.Kb1 Qxg5
41.Rc8+ Rxc8 42.Qxc8+ Kg7 43.b4 Qg1+ 44.Kb2 Qxf2+ 45.Kb3 h5 46.b5 h4 47.Kb4 Qe3
48.Qc7 h3  0-1

[Event "ch-USA"]
[Site "Stillwater USA"]
[Date "2007.05.23"]
[Round "9"]
[White "Krush,I"]
[Black "Bradford,J"]
[Result "0-1"]
[WhiteElo "2464"]
[BlackElo "2424"]

1.d4 d5 2.c4 c6 3.Nf3 Nf6 4.e3 e6 5.Nbd2 c5 6.dxc5 Bxc5 7.a3 O-O 8.Bd3 Nbd7
9.O-O b6 10.b4 Be7 11.Bb2 Bb7 12.Qe2 a5 13.b5 Nc5 14.Bc2 Nfe4 15.cxd5 exd5
16.Rfd1 Qe8 17.a4 f5 18.Nf1 Bf6 19.Nd4 Qd7 20.Ng3 Rae8 21.Nh5 Bh4 22.g3 Bg5
23.Bb1 Nxf2 24.Bxf5 Rxf5 25.Nxf5 Qxf5 26.Bd4 Bxe3 27.Nxg7 Qe4 28.Qxe3 Nh3+  0-1

[Event "National Open"]
[Site "Las Vegas USA"]
[Date "2007.06.08"]
[Round "2"]
[White "Aradhyula,V"]
[Black "Krush,I"]
[Result "0-1"]
[WhiteElo "2141"]
[BlackElo "2464"]

1.d4 d5 2.Nf3 Nf6 3.c4 dxc4 4.e3 e6 5.Bxc4 c5 6.O-O a6 7.dxc5 Bxc5 8.Qxd8+ Kxd8
9.Nbd2 b6 10.Be2 Bb7 11.Nc4 Nbd7 12.Rd1 Ke7 13.b3 Bd5 14.Bb2 Rhc8 15.Rac1 a5
16.Nfe5 Nxe5 17.Bxe5 Nd7 18.Bb2 f6 19.Ba3 Bxa3 20.Nxa3 Rxc1 21.Rxc1 a4 22.bxa4 Rxa4
23.Nb1 Rxa2 24.Nc3 Ra5 25.f3 Bc6 26.Kf2 Rc5 27.Ke1 b5 28.Kd2 Rh5 29.h3 Nb6
30.Na2 Kd6 31.Nb4 Bd7 32.Ke1 Rc5 33.Rd1+ Ke7 34.Na6 Rc2 35.Nb4 Rc3 36.Kf2 Rc5
37.Na6 Rd5 38.Rc1 Rd2 39.Ke1 Rb2 40.Nc5 Na4 41.Nd3 Rb3 42.Kd2 Ra3 43.Nb4 Kd6
44.Nd3 g5 45.Nb4 Nc5 46.Rd1 Kc7 47.Nc2 Ra2 48.Rb1 Kb6 49.Kc3 e5 50.Bc4 Ra8
51.Be2 Na4+ 52.Kd2 Rd8 53.Ke1 Nc3 54.Ra1 Nxe2 55.Kxe2 Be6 56.Nb4 Bc4+ 57.Ke1 f5
58.Ra3 f4 59.e4 Kc5 60.Na6+ Kd4 61.Nb4 Rd6 62.Nc2+ Kc5 63.Ra7 Bb3 64.Na3 Rd1+
65.Kf2 Rd2+ 66.Kg1 b4 67.Ra5+ Kc6 68.Ra6+ Kb7 69.Ra5 bxa3 70.Rxa3 Bc4 71.Ra5 Rd6
72.Rxe5 h6 73.Rc5 Rc6 74.Rf5 Be6 75.Rf6 Bd7 76.Rf7 Kc7 77.h4 Rg6 78.hxg5 hxg5
79.Kf2 Kd6 80.g3 Be6 81.Rf8 Ke5 82.Ra8 Rh6 83.Ra5+ Kf6 84.Kg2 Rh8 85.Rb5 Ra8
86.gxf4 gxf4 87.Rc5 Ra2+ 88.Kf1 Bh3+ 89.Ke1 Kg6 90.Rd5 Ra1+ 91.Kf2 Rf1+ 92.Ke2 Bg2
93.Rd8 Kf7 94.Rd3 Kf6 95.Ra3 Kg5 96.Ra7 Kh4 97.Rh7+ Kg3 98.Rg7+ Kh2 99.Rh7+ Kg1
100.Rf7 Rxf3 101.e5 Rf2+ 102.Ke1 f3 103.Kd1 Re2 104.Rf5 Re4 105.Rf8 Rxe5
106.Rf7 f2 107.Kd2 f1=Q  0-1

[Event "National Open"]
[Site "Las Vegas USA"]
[Date "2007.06.10"]
[Round "5"]
[White "Krush,I"]
[Black "Shabalov,A"]
[Result "1-0"]
[WhiteElo "2464"]
[BlackElo "2606"]

1.d4 d5 2.c4 c6 3.Nc3 Nf6 4.Nf3 e6 5.Bg5 dxc4 6.e4 b5 7.e5 h6 8.Bh4 g5 9.Nxg5 hxg5
10.Bxg5 Nbd7 11.g3 Qa5 12.exf6 b4 13.Ne4 Ba6 14.Qf3 Rd8 15.Be2 Nb6 16.Nc5 Rd5
17.Nxa6 Qxa6 18.Be3 b3 19.O-O bxa2 20.b3 Kd7 21.bxc4 Rf5 22.Qe4 Qa4 23.Rfc1 Ra5
24.Bd1 Qa3 25.Bf3  1-0

[Event "ch-USA w"]
[Site "Stillwater USA"]
[Date "2007.07.16"]
[Round "2"]
[White "Baginskaite,C"]
[Black "Krush,I"]
[Result "1/2-1/2"]
[WhiteElo "2328"]
[BlackElo "2470"]

1.d4 d5 2.c4 dxc4 3.Nf3 a6 4.e3 e6 5.Bxc4 c5 6.O-O Nf6 7.dxc5 Qxd1 8.Rxd1 Bxc5
9.Be2 b6 10.b3 Bb7 11.Bb2 Nbd7 12.Nbd2 O-O 13.Nc4 Rfd8 14.Rac1 Bd5 15.Nce5 Nxe5
16.Nxe5 Rac8 17.Nd3  1/2-1/2

[Event "ch-USA w"]
[Site "Stillwater USA"]
[Date "2007.07.19"]
[Round "7"]
[White "Krush,I"]
[Black "Melekhina,A"]
[Result "1-0"]
[WhiteElo "2470"]
[BlackElo "2099"]

1.d4 Nf6 2.c4 g6 3.Nc3 Bg7 4.e4 d6 5.Be2 O-O 6.Bg5 Na6 7.Qd2 e5 8.d5 Nc5
9.f3 a5 10.h4 c6 11.h5 cxd5 12.cxd5 Bd7 13.g4 Qe8 14.Nh3 b5 15.Nf2 b4 16.Ncd1 Bb5
17.Ne3 Bxe2 18.Qxe2 b3 19.h6 Bh8 20.a3 Rc8 21.O-O a4 22.Rac1 Qd7 23.Rc3 Rc7
24.Rfc1 Rfc8 25.Kf1 Qe7 26.Ke1 Qf8 27.Nd3 Nfd7 28.Nxc5 Nxc5 29.Nc4 Nd7 30.Qd2 Bf6
31.Be3 Bd8 32.Ke2 Qe7 33.Na5 Rxc3 34.Rxc3 Nc5 35.Nc6 Qh4 36.Bf2 Qh2 37.Nxd8 Rxd8
38.Qg5 Rd7 39.Rc4 Qh1 40.Rc1 Qh2 41.Qh4 Qxh4 42.Bxh4 Kf8 43.Bf2 Rc7 44.Bxc5 dxc5
45.Rc4 Ke7 46.Kd3 f5 47.Rxa4 fxg4 48.fxg4 Kf6 49.Kc4 Kg5 50.d6 Rc6 51.Kd5 Rc8
52.Kxe5 c4 53.Rxc4 Rxc4 54.d7 Rc5+ 55.Kd6 Rc2 56.d8=Q+ Kxg4 57.Qf6 Rd2+ 58.Kc5 Rc2+
59.Kb4 g5 60.Kxb3 Rh2 61.Qf5+ Kh4 62.Qxh7 g4 63.Qg7 Rh3+ 64.Ka2 Rf3 65.h7  1-0

[Event "Open"]
[Site "Miami USA"]
[Date "2007.09.27"]
[Round "3"]
[White "Krush,I"]
[Black "Bachmann,Ax"]
[Result "0-1"]
[WhiteElo "2479"]
[BlackElo "2466"]

1.d4 d5 2.c4 dxc4 3.Nf3 Nf6 4.e3 e6 5.Bxc4 a6 6.O-O c5 7.Bd3 Nc6 8.a3 cxd4
9.exd4 Be7 10.Nc3 O-O 11.Bc2 b5 12.Qd3 Bb7 13.Bg5 g6 14.Rad1 Re8 15.Rfe1 Qb6
16.Ne4 Nxe4 17.Rxe4 Na5 18.Bxe7 Rxe7 19.Re2 Nc4 20.Bb3 Rd8 21.Ng5 h6 22.Ne4 Bxe4
23.Qxe4 Red7 24.Qf4 Rxd4 25.Rxd4 Qxd4 26.Qxd4 Rxd4 27.f3 Kf8 28.Kf2 Ke7 29.Ke1 Kd6
30.Rc2 a5 31.Ke2 a4 32.Bxc4 bxc4 33.Rc1 Kd5 34.Rc3 e5 35.Re3 f5  0-1

[Event "Open"]
[Site "Miami USA"]
[Date "2007.09.28"]
[Round "5"]
[White "Krush,I"]
[Black "Aliyev,T"]
[Result "1-0"]
[WhiteElo "2479"]
[BlackElo "2193"]

1.d4 Nf6 2.c4 e5 3.dxe5 Ne4 4.Nf3 Bb4+ 5.Nbd2 Nc6 6.e3 Qe7 7.Be2 Nxe5 8.O-O Nxf3+
9.Nxf3 b6 10.Nd4 Bb7 11.f3 Ng5 12.a3 Bc5 13.b4 Bxd4 14.exd4 O-O 15.d5 Rae8
16.Bd3 f5 17.Bb2 b5 18.Bd4 a6 19.cxb5 Bxd5 20.bxa6 Ne6 21.Be3 Rf6 22.Re1 f4
23.Bf2 Qd6 24.Be4 c6 25.b5 Ra8 26.Bxd5 cxd5 27.Qd3 d4 28.Rad1  1-0

[Event "SPICE Cup"]
[Site "Lubbock USA"]
[Date "2007.11.11"]
[Round "3"]
[White "Leon Hoyos,M"]
[Black "Krush,I"]
[Result "1-0"]
[WhiteElo "2495"]
[BlackElo "2475"]

1.e4 c5 2.Nf3 d6 3.d4 cxd4 4.Nxd4 Nf6 5.Nc3 Nc6 6.Bg5 a6 7.Bxf6 gxf6 8.Be2 Rg8
9.g3 Qb6 10.Nb3 f5 11.Nd5 Qd8 12.exf5 Bxf5 13.Bd3 Bg6 14.Qe2 e6 15.O-O-O Bg7
16.Rhe1 Kf8 17.Ne3 a5 18.a4 Nb4 19.Bxg6 hxg6 20.c3 Nc6 21.f4 Rh8 22.Kb1 Kg8
23.g4 Qe7 24.Qg2 Rd8 25.f5 Be5 26.h3 Qg5 27.fxe6 fxe6 28.Nc4 Rh7 29.Nbd2 Qe7
30.Nf3 Bf6 31.g5 Bh8 32.Qg4 e5 33.Nh4 Rg7 34.Ne3 Qd7 35.Qc4+ Kh7 36.Rf1 Re7
37.Nd5 Qe6 38.Qe4 Red7 39.Nf6+  1-0

[Event "ch-Marshall CC"]
[Site "New York USA"]
[Date "2007.12.08"]
[Round "2"]
[White "Krush,I"]
[Black "Frumkin,E"]
[Result "1-0"]
[WhiteElo "2475"]
[BlackElo "2029"]

1.d4 d6 2.Nf3 g6 3.e4 Nf6 4.Nc3 Bg7 5.Be2 O-O 6.O-O Bg4 7.Nd2 Bxe2 8.Qxe2 Nfd7
9.Nf3 Nc6 10.Rd1 a6 11.Bg5 h6 12.Bh4 g5 13.Bg3 g4 14.Nh4 Nxd4 15.Qxg4 Nf6
16.Qh3 e5 17.Nf5 Nxf5 18.Qxf5 Qe8 19.Qf3 Qe6 20.Bh4 Qg4 21.Qxg4 Nxg4 22.Nd5 h5
23.c3 Nh6 24.Nxc7 Rac8 25.Nd5 Rc4 26.f3 f5 27.b3 Rc5 28.Bf2  1-0

[Event "ch-Marshall CC"]
[Site "New York USA"]
[Date "2007.12.08"]
[Round "3"]
[White "Bonin,J"]
[Black "Krush,I"]
[Result "1/2-1/2"]
[WhiteElo "2343"]
[BlackElo "2475"]

1.c4 e5 2.Nc3 Nf6 3.Nf3 Nc6 4.a3 d5 5.cxd5 Nxd5 6.e4 Nxc3 7.bxc3 Bd6 8.Bc4 O-O
9.d3 Qf6 10.Rb1 Rb8 11.Bd5 Ne7 12.Bg5 Qg6 13.Bxe7 Bxe7 14.Nxe5 Qxg2 15.Qf3 Qxf3
16.Nxf3 c6 17.Ba2 Bxa3 18.Nd4 Bd6 19.h4 Rd8 20.Kd2 Be5 21.Nf3 Bf4+ 22.Kc2 Be6
23.Bxe6 fxe6 24.Nd4 Re8 25.Rhg1 c5 26.Ne2 Rf8 27.Rg4 Bd6 28.f4 h5 29.Rg6 Rf6
30.Rbg1 Rxg6 31.Rxg6 Kf7 32.f5 Re8 33.Rg5 e5 34.Rxh5 Be7 35.c4 a6 36.Nc3 Bd8
37.Nd5 b5 38.cxb5 axb5 39.Nc3 c4 40.Nxb5 cxd3+ 41.Kxd3 Be7 42.Nc7 Rb8 43.Nd5 Rd8
44.Ke2 Ra8 45.Nxe7 Kxe7 46.Rg5 Kf7 47.Rg6 Rh8 48.Re6 Rxh4 49.Kd3 Rg4 50.Rxe5 g6  1/2-1/2

[Event "ch-Marshall CC"]
[Site "New York USA"]
[Date "2007.12.09"]
[Round "5"]
[White "Kudrin,S"]
[Black "Krush,I"]
[Result "1/2-1/2"]
[WhiteElo "2563"]
[BlackElo "2475"]

1.e4 c5 2.Nf3 Nc6 3.d4 cxd4 4.Nxd4 Nf6 5.Nc3 d6 6.Bg5 e6 7.Qd2 Qb6 8.Nb3 Be7
9.Bxf6 gxf6 10.Bd3 Bd7 11.O-O h5 12.a4 Na5 13.Nxa5 Qxa5 14.b4 Qxb4 15.Rab1 Qa5
16.Rxb7 Rc8 17.Bb5 Bxb5 18.Rxe7+ Kxe7 19.Nd5+ exd5 20.Qxa5 Bxf1 21.Qxa7+ Kf8
22.Kxf1 dxe4 23.Qd4 Kg7 24.Qxe4 Rhe8 25.Qd3 Re5 26.h4  1/2-1/2

[Event "ch-Marshall CC"]
[Site "New York USA"]
[Date "2007.12.16"]
[Round "9"]
[White "Krush,I"]
[Black "Stripunsky,A"]
[Result "0-1"]
[WhiteElo "2475"]
[BlackElo "2592"]

1.d4 d5 2.c4 c6 3.Nf3 Nf6 4.Nc3 e6 5.Bg5 h6 6.Bh4 dxc4 7.e4 Qa5 8.Bxf6 gxf6
9.Bxc4 Nd7 10.O-O Nb6 11.Be2 Rg8 12.a3 Qh5 13.Kh1 e5 14.d5 Qg6 15.g3 Bh3
16.Re1 Bc5 17.Kg1 Rd8 18.b4 Be7 19.Nh4 Qg5 20.Nf3 Qg7 21.Qb3 cxd5 22.exd5 Kf8
23.Rad1 f5 24.Bf1 Bg4 25.Nxe5 Bxd1 26.Qxd1 Bd6 27.f4 Bxe5 28.Rxe5 Nd7 29.Re3 Qf6
30.d6 Rg6 31.Nd5 Qxd6 32.Rd3 Qc6 33.Ne3 Qb6 34.Kh1 Re8 35.Nxf5 Nf6 36.Rd6 Qf2
37.Qa1 Kg8 38.Rd1 Ng4 39.Bg2 Qb6 40.Nd4  0-1

[Event "Corus C"]
[Site "Wijk aan Zee NED"]
[Date "2008.01.18"]
[Round "6"]
[White "Krush,I"]
[Black "Caruana,F"]
[Result "1-0"]
[WhiteElo "2473"]
[BlackElo "2598"]

1.d4 d5 2.c4 c6 3.Nf3 Nf6 4.Nc3 dxc4 5.a4 Bf5 6.e3 e6 7.Bxc4 Bb4 8.O-O O-O
9.Nh4 Qe7 10.Nxf5 exf5 11.Qc2 g6 12.Bd2 c5 13.dxc5 Qxc5 14.Na2 Rc8 15.Bxf7+ Kxf7
16.Qb3+ Qc4 17.Qxb4 Qxb4 18.Bxb4 Nc6 19.Bc3 Ne4 20.Rfd1 Rd8 21.f3 Nc5 22.Nb4 Rxd1+
23.Rxd1 Rd8 24.Rxd8 Nxd8 25.a5 a6 26.Kf2 Nb3 27.Ke2 Ke6 28.Kd3 Kd6 29.e4 Nc5+
30.Ke3 fxe4 31.fxe4 Nde6 32.Nd5 Nd7 33.g3 Nd8 34.Kf4 Ne6+ 35.Ke3 Nd8 36.g4 g5
37.Nf6 Nxf6 38.Bxf6 Ne6 39.b4 Kc6 40.Kd3 Kb5 41.Kc3 h6 42.h4 gxh4 43.Bxh4 Nf4
44.Bf2 Ne2+ 45.Kd3 Nf4+ 46.Kd4 Kxb4 47.Be1+ Kb5 48.Bd2 Ng6 49.Kd5 b6 50.axb6 Kxb6
51.Ke6 Kc5 52.Kf6 Nf8 53.Bxh6 Nd7+ 54.Ke6 Kc6 55.Be3 Nf8+ 56.Kf7 Nd7 57.Bd4  1-0

[Event "Corus C"]
[Site "Wijk aan Zee NED"]
[Date "2008.01.23"]
[Round "10"]
[White "Krush,I"]
[Black "Braun,A"]
[Result "1-0"]
[WhiteElo "2473"]
[BlackElo "2536"]

1.d4 d5 2.c4 dxc4 3.e3 Nf6 4.Bxc4 e6 5.Nf3 c5 6.O-O a6 7.a4 cxd4 8.exd4 Nc6
9.Nc3 Be7 10.Bg5 O-O 11.Re1 Bd7 12.Qe2 Nd5 13.Bd2 Nxc3 14.Bxc3 Rc8 15.Rad1 Bf6
16.Ne5 Nxe5 17.dxe5 Be7 18.Bd3 Qc7 19.Bxh7+ Kxh7 20.Qd3+ g6 21.Qxd7 Rfd8
22.Qxc7 Rxc7 23.Rxd8 Bxd8 24.Rd1 Be7 25.a5 g5 26.g4 Kg6 27.Kg2 Kg7 28.Kg3 Kg6
29.Rd4 Kg7 30.f4 gxf4+ 31.Rxf4 Bc5 32.h4 Rd7 33.h5 Be3 34.Rb4 Bc5 35.Rc4 Be3
36.Kf3 Bg5 37.Rd4 Rc7 38.Ke4 Kh6 39.Kd3 Kg7 40.Rc4 Rd7+ 41.Bd4 Bf4 42.Ke4 Bd2
43.b4 Rd5 44.Bc5 Kh6 45.Rd4 Rxd4+ 46.Kxd4 Kg5 47.Kd3 Bf4 48.Be3  1-0

[Event "Corus C"]
[Site "Wijk aan Zee NED"]
[Date "2008.01.26"]
[Round "12"]
[White "Krush,I"]
[Black "Van der Wiel,J"]
[Result "1-0"]
[WhiteElo "2473"]
[BlackElo "2490"]

1.d4 Nf6 2.c4 e6 3.Nc3 Bb4 4.Qc2 O-O 5.e4 d5 6.e5 Ne4 7.Bd3 c5 8.Ne2 cxd4
9.Nxd4 Nd7 10.Bf4 Ndc5 11.O-O Bxc3 12.bxc3 Nxd3 13.Qxd3 b6 14.cxd5 Qxd5 15.Rfd1 Bb7
16.c4 Qa5 17.f3 Nc5 18.Qe3 Rfc8 19.Nb5 Bc6 20.Nd6 Rc7 21.h4 Nd7 22.Kh2 Qc5
23.Qe1 h5 24.Qg3 Nf8 25.Qg5 Ng6 26.Bg3 Ba4 27.Rd2 Rd7 28.Re1 Rad8 29.Nb7 Qb4
30.Nd6 Qa5 31.Ree2 Bc6 32.Rd4 Ne7 33.Red2 Qa6 34.Qxh5 Nf5 35.Rg4 Qa5 36.Qg5  1-0

[Event "Corus C"]
[Site "Wijk aan Zee NED"]
[Date "2008.01.27"]
[Round "13"]
[White "Ruijgrok,D"]
[Black "Krush,I"]
[Result "0-1"]
[WhiteElo "2329"]
[BlackElo "2473"]

1.e4 c5 2.Nf3 d6 3.d4 cxd4 4.Nxd4 Nf6 5.Nc3 Nc6 6.g3 g6 7.Nde2 Bg7 8.Bg2 O-O
9.O-O Rb8 10.h3 b5 11.Be3 b4 12.Nd5 Nd7 13.Bd4 Nxd4 14.Nxd4 Bb7 15.Nxb4 Qb6
16.c3 a5 17.Nd5 Bxd5 18.exd5 Bxd4 19.cxd4 Qxb2 20.Re1 Rfe8 21.Re2 Qb5 22.Qe1 Kf8
23.Qd2 Nf6 24.Rae1 Rb7 25.Qh6+ Kg8 26.Qc1 a4 27.Qc6 Kf8 28.Rc2 Rb6 29.Qc4 Qa5
30.Rce2 Rb5 31.Qc1 Nxd5 32.Bxd5 Rxd5 33.Rxe7 Rxe7 34.Qc8+ Kg7 35.Rxe7 Rxd4
36.Qe6 Qf5 37.Qxf5 gxf5 38.Ra7 Kf6 39.Kg2 Rc4 40.Ra5 Ke6 41.h4 d5 42.h5 d4
43.Kf1 Kf6 44.Ke1 Kg5 45.Kd2 Rb4 46.a3 Rc4 47.h6 Kxh6 48.Rxf5 Kg6 49.Ra5 f5
50.Kd3 Rc3+ 51.Kxd4 Rxa3 52.Ke5 Rf3 53.Rxa4 Rxf2 54.g4 Kg5 55.gxf5 Rxf5+
56.Ke6 h5 57.Ra8 Rb5 58.Rg8+ Kf4 59.Rf8+ Kg4 60.Rg8+ Rg5 61.Rh8 h4 62.Kf6 Rf5+
63.Ke6 Rb5 64.Ra8 Rg5 65.Kf6 Rf5+ 66.Ke6 h3 67.Rg8+ Rg5 68.Rh8 Rh5 69.Rg8+ Kf3
70.Rf8+ Ke2 71.Ra8 h2 72.Ra2+ Kd3  0-1

[Event "4th Open C Women"]
[Site "Moscow RUS"]
[Date "2008.02.03"]
[Round "2"]
[White "Krush,I"]
[Black "Golubenko,Valen"]
[Result "1/2-1/2"]
[WhiteElo "2473"]
[BlackElo "2264"]

1.d4 Nf6 2.c4 c5 3.d5 b5 4.cxb5 a6 5.b6 e6 6.Nc3 exd5 7.Nxd5 Nxd5 8.Qxd5 Nc6
9.Nf3 Rb8 10.e4 Be7 11.Bc4 O-O 12.O-O Rxb6 13.Bd2 d6 14.Bc3 Bf6 15.Qd3 Bg4
16.h3 Bh5 17.Rad1 Bxc3 18.bxc3 Bxf3 19.Qxf3 Rb2 20.Qg3 Ne5 21.Bd5 Qf6 22.f4 Ng6
23.e5 dxe5 24.fxe5 Qe7 25.Rf5 Re2 26.Re1 Rxe1+ 27.Qxe1 Kh8 28.c4 f6 29.e6 Qd6
30.Rf3 Rb8 31.Rd3 Ne5 32.Rd1 g6 33.Rb1 Kg7 34.Rxb8 Qxb8 35.Qa5 Qb1+ 36.Kh2 Qb8
37.Kg1 Qb1+ 38.Kh2 Qb8 39.Kg1 Qb1+ 40.Kh2  1/2-1/2

[Event "4th Open C Women"]
[Site "Moscow RUS"]
[Date "2008.02.04"]
[Round "3"]
[White "Gromova,I"]
[Black "Krush,I"]
[Result "0-1"]
[WhiteElo "2219"]
[BlackElo "2473"]

1.d4 Nf6 2.c4 e6 3.Nf3 d5 4.Nc3 c6 5.cxd5 exd5 6.Qc2 Be7 7.Bg5 g6 8.e3 Bf5
9.Bd3 Bxd3 10.Qxd3 O-O 11.Ne5 Nbd7 12.f4 Re8 13.O-O Qc7 14.Rf3 Ne4 15.Bxe7 Nxc3
16.bxc3 Rxe7 17.Nxd7 Qxd7 18.f5 Rae8 19.Raf1 b5 20.Rh3 Re4 21.f6 Qd6 22.Rff3 R8e6
23.Qf1 Qa3 24.Qe1 Qxa2 25.Qg3 Qa3 26.Qb8+ Re8 27.Qc7 Qc1+ 28.Rf1 Qxc3 29.Kh1 h5
30.Rg3 Rg4 31.Qd7 Rf8 32.Qe7 Rxg3 33.hxg3 Qd3 34.Ra1 Qe4 35.Rxa7 Qxe7 36.fxe7 Re8
37.Rd7 f6 38.Rd6 Kf7 39.Rxc6 Rb8 40.e8=Q+ Kxe8 41.Rxf6 b4 42.Rf2 Kd7 43.Kg1 Kc6
44.Kf1 b3 45.Rb2 Rb4 46.Ke2 Kb5 47.Kd3  0-1

[Event "4th Open C Women"]
[Site "Moscow RUS"]
[Date "2008.02.05"]
[Round "4"]
[White "Krush,I"]
[Black "Burtasova,A"]
[Result "1-0"]
[WhiteElo "2473"]
[BlackElo "2345"]

1.d4 Nf6 2.c4 c5 3.d5 b5 4.cxb5 a6 5.bxa6 Bxa6 6.Nc3 d6 7.g3 g6 8.Bg2 Bg7
9.Nf3 Nbd7 10.Rb1 Qa5 11.Bd2 O-O 12.O-O Nb6 13.b3 Qa3 14.Ne1 Bb7 15.Nc2 Qa6
16.e4 Nfd7 17.a4 c4 18.Nb4 Qa5 19.Nb5 c3 20.Nxc3 Qxb4 21.Nb5 Qc5 22.Rc1 Nxa4
23.Rxc5 Naxc5 24.b4 Na4 25.Nc7 Nb2 26.Qb3 Rac8 27.Rc1 Nb6 28.Be3 Na8 29.Nxa8 Rxa8
30.Bf1 Rfb8 31.Bb5 Bc8 32.Bc6 Ra6 33.Rb1  1-0

[Event "4th Open C Women"]
[Site "Moscow RUS"]
[Date "2008.02.06"]
[Round "5"]
[White "Gvetadze,Sopi"]
[Black "Krush,I"]
[Result "1/2-1/2"]
[WhiteElo "2352"]
[BlackElo "2473"]

1.e4 c5 2.b3 d6 3.Bb2 Nf6 4.Nc3 Nc6 5.Bb5 Bd7 6.f4 a6 7.Bxc6 Bxc6 8.d3 e6
9.Nf3 b5 10.a4 Be7 11.O-O O-O 12.Qe2 Qc7 13.Kh1 Qb7 14.axb5 axb5 15.Rae1 Rfc8
16.e5 Nd5 17.exd6 Bxd6 18.Ne4 Nf6 19.Ne5  1/2-1/2

[Event "4th Open C Women"]
[Site "Moscow RUS"]
[Date "2008.02.08"]
[Round "7"]
[White "Vasilkova,S"]
[Black "Krush,I"]
[Result "1/2-1/2"]
[WhiteElo "2359"]
[BlackElo "2473"]

1.e4 c5 2.Nf3 d6 3.d4 cxd4 4.Nxd4 Nf6 5.Nc3 Nc6 6.Bc4 Bd7 7.O-O e6 8.Kh1 Be7
9.f4 O-O 10.f5 Nxd4 11.Qxd4 Kh8 12.Bg5 Ng4 13.Bxe7 Qxe7 14.h3 Ne5 15.Be2 Rfd8
16.Rad1 Bc6 17.b4 b6 18.a4 Rac8 19.Ba6 Rc7 20.Rf2 Ba8 21.Bf1 Nc6 22.Qd2 Nxb4
23.e5 d5 24.f6 gxf6 25.exf6 Qf8 26.Rf4 a5 27.Rg4 d4 28.Rg7 Rxc3 29.Bd3 Nxd3
30.cxd3 Qxg7 31.fxg7+ Kg8 32.Qg5 Rdc8 33.Rd2 Bd5 34.h4 b5 35.axb5 a4 36.b6 a3
37.Qe7 a2 38.Rxa2 Bxa2 39.b7 Bd5 40.bxc8=Q+ Rxc8 41.h5 h6 42.Qf6 Rc1+ 43.Kh2 Rc2
44.Qxh6 Rxg2+ 45.Kh3 Rxg7 46.Qf4 f5 47.Qxd4 Kh7 48.Qf6 Bg2+ 49.Kh2 Bd5 50.Kh3 Bg2+
51.Kh2 Bd5 52.Kh3 Bg2+ 53.Kh2 Bd5  1/2-1/2